My Favorite Animals/Animals I Like - Statistics

General Stats
  • This quiz has been taken 27 times
  • The average score is 4 of 15
Answers on the Grid
Answers color-coded by a green-red scale on the quiz's grid according to % correct below.
Goose
Moose
Cheetah
Fox
Crab
Seahorse
Poodle
Lobster
Otter
Beaver
Walrus
Sheep
Giraffe
Hippo
Wild Boar
Spider
Mouse
Shrew
Duck
Lemur
Basset Hound
Monkey
Cow
Chicken
Mole
Owl
Rat
Anteater
Largemouth Bass
Gus
 
Answer Stats
Answer % Correct
Moose
58%
Goose
50%
Crab
42%
Duck
33%
Anteater
25%
Chicken
25%
Cow
25%
Gus
25%
Basset Hound
17%
Beaver
17%
Hippo
17%
Largemouth Bass
17%
Walrus
17%
Wild Boar
17%
Lobster
8%
No matching quizzes found
Score Distribution
Percent of People with Each Score
Percentile by Number Answered
Your Score History
You have not taken this quiz